| 000 | 00707nam a2200241Ia 4500 | ||
|---|---|---|---|
| 003 | OSt | ||
| 005 | 20220924114601.0 | ||
| 006 | a|||||r|||| 00| 0 | ||
| 007 | ta | ||
| 008 | 220923b |||||||| |||| 00| 0 san d | ||
| 024 | _a73974 | ||
| 037 | _cTextual | ||
| 040 |
_aARTS _cARTS _bsan |
||
| 041 |
_2san _asan |
||
| 082 | _aR635x1:1:5, 15F2 (MPhil) | ||
| 100 | _aPatanjali | ||
| 245 | 0 | _aYoga darshan with the comm of Yashovijaya Upadhyaya, ed by Sukh Lal Bhavanagar | |
| 260 |
_aBhavanagar _bJain Atmanand Sabha _c1922 |
||
| 300 |
_a16,67,141p. _ccm. |
||
| 650 |
_aYOGA _92333 |
||
| 942 |
_hR635x1:1:5, 15F2 (MPhil) _cTEXL _2CC |
||
| 999 |
_c394309 _d394309 |
||